| 000 | 00823nam a2200277Ia 4500 | ||
|---|---|---|---|
| 001 | dia_1421 | ||
| 003 | CHAP | ||
| 005 | 20251023170023.0 | ||
| 008 | 220117s1994 xx 000 0 und d | ||
| 010 | _a171962 | ||
| 020 | _a92-5-303425-4 | ||
| 040 | _cCHAP | ||
| 082 | _a614.3 C66 | ||
| 240 | _aComisión del Codex Alimentarius | ||
| 245 |
_aCodex Alimentarius: Carne y Productos Carnicos incluso los "Boillons" y Consomes / _c por F.A.O |
||
| 260 |
_aRoma, Italia : _b F.A.O, _c1994 |
||
| 300 | _aV.10 | ||
| 503 | _aI.200556 | ||
| 505 | _aPrograma Conjunto F.A.O / OMS. sobre Normas Alimentarias | ||
| 650 | 0 |
_aCarne _9149462 |
|
| 650 |
_aProductos carnicos _9147832 |
||
| 901 | _a614.3 C66 | ||
| 902 | _aM | ||
| 905 | _a0000001994 mx X 0000000000spa00 | ||
| 942 |
_cLIBRO _2ddc |
||
| 999 |
_c171962 _d171962 |
||